Thoughts and expressions of a lawyer / (Record no. 586923)
[ view plain ]
| 000 -LEADER | |
|---|---|
| fixed length control field | 00847cam a22003014a 4500 |
| 001 - CONTROL NUMBER | |
| control field | 15829935 |
| 003 - CONTROL NUMBER IDENTIFIER | |
| control field | NUST |
| 005 - DATE AND TIME OF LATEST TRANSACTION | |
| control field | 20211201093436.0 |
| 008 - FIXED-LENGTH DATA ELEMENTS--GENERAL INFORMATION | |
| fixed length control field | 090723s2009 pk 000 0aeng |
| 010 ## - LIBRARY OF CONGRESS CONTROL NUMBER | |
| LC control number | 2009360727 |
| 025 ## - OVERSEAS ACQUISITION NUMBER | |
| Overseas acquisition number | P-U-2009360727 |
| 038 ## - RECORD CONTENT LICENSOR | |
| Staff Name | waseem |
| 040 ## - CATALOGING SOURCE | |
| Original cataloging agency | DLC |
| Transcribing agency | DLC |
| 042 ## - AUTHENTICATION CODE | |
| Authentication code | lcode |
| 043 ## - GEOGRAPHIC AREA CODE | |
| Geographic area code | a-pk--- |
| 050 00 - LIBRARY OF CONGRESS CALL NUMBER | |
| Classification number | KPL110.S29 |
| Item number | A3 2009 |
| 082 ## - DEWEY DECIMAL CLASSIFICATION NUMBER | |
| Classification number | 340.092 |
| Author Mark | SAY |
| 100 1# - MAIN ENTRY--PERSONAL NAME | |
| Personal name | Sayeed, Mohammad Ali. |
| 9 (RLIN) | 85369 |
| 245 10 - TITLE STATEMENT | |
| Title | Thoughts and expressions of a lawyer / |
| Statement of responsibility, etc. | Mohammad Ali Sayeed. |
| 260 ## - PUBLICATION, DISTRIBUTION, ETC. | |
| Place of publication, distribution, etc. | Karachi : |
| Name of publisher, distributor, etc. | Pakistan Law House, |
| Date of publication, distribution, etc. | 2009. |
| 300 ## - PHYSICAL DESCRIPTION | |
| Extent | ii, 139 p. ; |
| Dimensions | 22 cm. |
| 563 ## - BINDING INFORMATION | |
| Binding note | HBK. |
| 600 10 - SUBJECT ADDED ENTRY--PERSONAL NAME | |
| Personal name | Sayeed, Mohammad Ali. |
| 9 (RLIN) | 85369 |
| 650 #0 - SUBJECT ADDED ENTRY--TOPICAL TERM | |
| Topical term or geographic name entry element | Lawyers |
| Geographic subdivision | Pakistan |
| Form subdivision | Biography. |
| 9 (RLIN) | 85370 |
| 906 ## - LOCAL DATA ELEMENT F, LDF (RLIN) | |
| a | 7 |
| b | cbc |
| c | origode |
| d | 2 |
| e | ncip |
| f | 20 |
| g | y-gencatlg |
| 942 ## - ADDED ENTRY ELEMENTS (KOHA) | |
| Source of classification or shelving scheme | |
| Koha item type | Book |
| Withdrawn status | Lost status | Source of classification or shelving scheme | Damaged status | Not for loan | Permanent Location | Current Location | Shelving location | Date acquired | Source of acquisition | Full call number | Barcode | Date last seen | Price effective from | Koha item type | Total Checkouts |
|---|---|---|---|---|---|---|---|---|---|---|---|---|---|---|---|
| NUST Law School (NLS) | NUST Law School (NLS) | Law | 12/01/2021 | Pakistan Law House | 340.092 SAY | CL-897 | 12/01/2021 | 12/01/2021 | Book | ||||||
| NUST Law School (NLS) | NUST Law School (NLS) | 03/03/2025 | 340.092 SAY | NLS-384 | 03/03/2025 | 03/03/2025 | Book | ||||||||
| NUST Law School (NLS) | NUST Law School (NLS) | 03/03/2025 | 340.092 SAY | NLS-385 | 03/03/2025 | 03/03/2025 | Book | ||||||||
| NUST Law School (NLS) | NUST Law School (NLS) | 03/03/2025 | 340.092 SAY | NLS-386 | 03/03/2025 | 03/03/2025 | Book | ||||||||
| NUST Law School (NLS) | NUST Law School (NLS) | 03/03/2025 | 340.092 SAY | NLS-387 | 03/03/2025 | 03/03/2025 | Book | ||||||||
| NUST Law School (NLS) | NUST Law School (NLS) | 06/25/2025 | Pakistan Law House | 340.092 SAY | NLS-1876 | 06/25/2025 | 06/25/2025 | Book | |||||||
| NUST Law School (NLS) | NUST Law School (NLS) | 06/25/2025 | Pakistan Law House | 340.092 SAY | NLS-1877 | 06/25/2025 | 06/25/2025 | Book | |||||||
| NUST Law School (NLS) | NUST Law School (NLS) | 06/25/2025 | Pakistan Law House | 340.092 SAY | NLS-1878 | 06/25/2025 | 06/25/2025 | Book | |||||||
| NUST Law School (NLS) | NUST Law School (NLS) | 06/25/2025 | Pakistan Law House | 340.092 SAY | NLS-1879 | 06/25/2025 | 06/25/2025 | Book | |||||||
| NUST Law School (NLS) | NUST Law School (NLS) | 06/25/2025 | Pakistan Law House | 340.092 SAY | NLS-1880 | 06/25/2025 | 06/25/2025 | Book | |||||||
| NUST Law School (NLS) | NUST Law School (NLS) | 06/25/2025 | Pakistan Law House | 340.092 SAY | NLS-1881 | 06/25/2025 | 06/25/2025 | Book | |||||||
| NUST Law School (NLS) | NUST Law School (NLS) | 06/25/2025 | Pakistan Law House | 340.092 SAY | NLS-1882 | 06/25/2025 | 06/25/2025 | Book | |||||||
| NUST Law School (NLS) | NUST Law School (NLS) | 06/25/2025 | Pakistan Law House | 340.092 SAY | NLS-1883 | 06/25/2025 | 06/25/2025 | Book |
